| 000 | 00646nam a2200217 i 4500 | ||
|---|---|---|---|
| 001 | 72574 | ||
| 003 | ES-MaACL | ||
| 005 | 20230906171459.0 | ||
| 007 | t| | ||
| 008 | 040901s1953 sp ||||1| spa d | ||
| 100 | 1 |
_aClay, George A. _939148 |
|
| 245 | 1 | 0 |
_aRuta de ambición / _cGeorge A. Clay ; [traducción directa del inglés por Víctor Scholz]. |
| 250 | _a[1ª ed.]. | ||
| 260 |
_aBarcelona : _bA.H.R., _c[1953] ( _fSimpar) |
||
| 300 |
_a292 p. ; _c19 cm. |
||
| 490 | 1 | _aGrandes novelistas | |
| 700 | 1 |
_aScholz, Víctor. _9104643 |
|
| 830 | 0 |
_aGrandes novelistas _9181770 |
|
| 852 |
_aES-MaACL _jC-7954 _bR.34287 |
||
| 999 |
_c72574 _d72574 |
||